000 00908nas a2200289 4500
001 BR2012002885
003 BR-BrBNA
005 20231205120450.0
007 ta
008 230509b bl.|||p| |||| 00| 00por d
040 _aBR-BrBNA
_bpor
_cBiblioteca Nacional de Agricultura
041 _a(Pt)
072 _aF03; H60
100 1 _aFerreira, N.R.
100 1 _aMedeiros, R.B. de
100 1 _aSoares, G.L.G.
245 1 _aPotencial alelopático do capim-annoni-2 (Eragrostis plana Nees)na germinação de sementes de gramíneas perenes estivais
650 _aCAPIM ANNONI
650 _aERAGROSTIS PLANA
650 _aSEMENTE
650 _aGERMINAÇÃO
650 _aALELOPATIA
650 _aERVA DANINHA
773 0 _tRevista Brasileira de Sementes (Brazil)
_xISSN 0101-3122
_g(Aug 2008), v. 30(2) p. 43-50
_wBR2012002885
909 _a202311
_bLúcia
_c55
_dLúcia Elande
942 _2AGRIS
_n0
_cANA
999 _c218647
_d218647